Canadian Province/Territory Capitals - Statistics

General Stats
  • This quiz has been taken 19 times
  • The average score is 10 of 13
Answer Stats
Province/Territory Capital % Correct
Alberta Edmonton
100%
Quebec Quebec City
100%
Ontario Toronto
100%
Nova Scotia Halifax
92%
Manitoba Winnipeg
92%
Saskatchewan Regina
83%
Newfoundland and Labrador Saint John's
83%
Northwest Territories Yellowknife
83%
British Columbia Victoria
75%
Prince Edward Island Charlottetown
67%
Yukon Whitehorse
67%
New Brunswick Fredericton
50%
Nunavut Iqaluit
42%
No matching quizzes found
Score Distribution
Percent of People with Each Score
Percentile by Number Answered
Your Score History
You have not taken this quiz